000 00362pab a2200157 454500
008 180718b2009 xxu||||| |||| 00| 0 eng d
100 _aAlwis, Malathi
245 _aThe postnational condition
260 _c2009
300 _ap.35.
362 _a7 Mar
650 _aGlobalization
773 _aEconomic and Political Weekly
908 _aN
909 _a81649
999 _c81649
_d81649